| 000 | 00375nam a2200133Ia 4500 | ||
|---|---|---|---|
| 008 | 200924s9999 xx 000 0 und d | ||
| 020 | _a978-981-31-3529-1 | ||
| 100 | _aFletcher, John | ||
| 245 |
_cJohn Fletcher _aTourism: _bprinciples and practice/ |
||
| 250 | _a6th ed. | ||
| 260 |
_aManila: _bC&E Publishing _c2019 |
||
| 300 |
_axxii, 636 pages _c25 cm. |
||
| 650 | _aTourism | ||
| 999 |
_c364442 _d364442 |
||